• 首页
  • 本馆介绍
  • 公告通知
  • 最新文献
  • 馆藏检索
  • 电子资源
  • 读者导购
  • 参考咨询
  • 我的图书馆
  • 登录
  • 详细信息显示
  • 放入我的书架
  • 预约/预借图书
  • 作者相关作品
  • 分类相关作品
  • 丛书相关作品
  • 出版社相关作品

书目信息

  • 表格格式
  • 工作单格式
  • 卡片格式
题名:
指挥手势与排演技术
    
 
作者: 阎宝林 著
分册:  
出版信息: 北京   中国戏剧出版社  2019
页数: 545页
开本: 26cm
丛书名:
单 册:
中图分类: J615.1 , J616.2
科图分类:
主题词: 合唱--He Chang--指挥法 , 合唱--He Chang--声乐训练
电子资源:
ISBN: 978-7-104-04846-6
000 01298nam0 2200301 450
001 012024000036
005 20241025204749.0
010    @a978-7-104-04846-6@dCNY188.00
100    @a20241025d2019 em y0chiy50 ea
101 0  @achi@deng
102    @aCN@b110000
105    @ag z 000yy
106    @ar
200 1  @a指挥手势与排演技术@AZhi Hui Shou Shi Yu Pai Yan Ji Shu@e阎氏教学体系@f阎宝林著
210    @a北京@c中国戏剧出版社@d2019
215    @a545页@d26cm
300    @a浙江音乐学院教材资助项目
312    @a封面英文题名:Chorus conductor gestures & rehearsal and performance techniques——the Yan teaching system
330    @a本书分上下两篇,上篇为手势技术,下篇排演技术。不论是从台下训练,还是台上实践都做了较为详细的讲解。翻阅合唱与指挥教材,手势的图解与曲目的排练作为主要内容,对于体系化的总结传承和排练技术的体系化介绍相对欠缺,本书的撰写,填补了此方向的空白。
510 1  @aChorus conductor gestures & rehearsal and performance techniques@ethe Yan teaching system@zeng
517 1  @a阎氏教学体系@AYan Shi Jiao Xue Ti Xi
606 0  @a合唱@AHe Chang@x指挥法
606 0  @a合唱@AHe Chang@x声乐训练
690    @aJ615.1@v5
690    @aJ616.2@v5
701  0 @a阎宝林@AYan Bao Lin@4著
801  0 @aCN@bAHXH@c20241025
905    @b214161388@b214161379@b214161360@f3@dJ615.1@e1245
    
    指挥手势与排演技术:阎氏教学体系/阎宝林著.-北京:中国戏剧出版社,2019
    545页;26cm
    浙江音乐学院教材资助项目
    
    ISBN 978-7-104-04846-6:CNY188.00
    本书分上下两篇,上篇为手势技术,下篇排演技术。不论是从台下训练,还是台上实践都做了较为详细的讲解。翻阅合唱与指挥教材,手势的图解与曲目的排练作为主要内容,对于体系化的总结传承和排练技术的体系化介绍相对欠缺,本书的撰写,填补了此方向的空白。
●
相关链接 在E读中查询图书 在五车中查询图书 在当当中查询图书 在豆瓣中查询图书


正题名:指挥手势与排演技术     索取号:J615.1/1245         预约/预借

序号 登录号 条形码 馆藏地/架位号 状态 备注
1 1340084   213400844   第一样本阅览室/ [索取号:J615.1/1245] 在馆    
2 1340085   213400853   第一借阅区/ [索取号:J615.1/1245] 在馆    
3 1340086   213400862   第一借阅区/ [索取号:J615.1/1245] 在馆    
4 1416136   214161360   第一借阅区/ [索取号:J615.1/1245] 在馆    
5 1416137   214161379   第一借阅区/ [索取号:J615.1/1245] 在馆    
6 1416138   214161388   第一借阅区/ [索取号:J615.1/1245] 在馆    
唐山师范学院图书馆 欢迎您!
大连网信软件有限公司© 版权所有